000 02516nam0a2200397 4500
001 RU\NLR\BIBL_A\011746649
005 20180910132243.0
010 _a978-5-906384-56-0
_9500
021 _aRU
_bКН-П-18-041654
_9КН-П-18-3004
035 _a(NLR Aleph) 011746649
035 _a(RuMoRGB)009654774
090 _a11606586
_c11606586
100 _a20180710d2018 k y0rusy50 ca
101 0 _arus
102 _aRU
105 _aab||z|||000zy
200 1 _aШаги решения концепции "Безопасный регион"
_eмонография
_fОвчинникова Т.В., Куприенко П.С., Смольянинов В.М. [и др.]
_gМинистерство образования и науки Российской Федерации, ФГБУ ВО "Воронежский государственный технический университет", [МЧС России]
210 _aВоронеж
_cЦифровая полиграфия
_d2018
215 _a333 с.
_cил., карт., табл.
_d25
300 _aНа 4-й с. обл. авт.: Овчинникова Т.В., доц., к.б.н., Куприенко П.С., проф., д.т.н., Смольянинов В.М., проф., д.г.н. [и др.]
320 _aБиблиогр.: с. 293-311 (208 назв.)
606 _aОхрана окружающей среды -- Российская Федерация -- Воронежская область
_2rubbk
606 1 _aОпасные природные процессы
_jУчебные издания для высших учебных заведений
_92368226
_3RU\NLR\auth\661413697
606 1 _aЧрезвычайные ситуации
_jСъезды, совещания и т.п.
_xБезопасность жизнедеятельности
_92083092
_3RU\NLR\auth\661259141
686 _aБ1(2Р-4Вр),0
_2rubbk
686 1 _aД205я73
686 1 _aЦ69,5(0)0я431
701 1 _7ca
_8rus
_aОвчинникова
_bТ. В.
_gТатьяна Валентиновна
_976977
_3RU\NLR\AUTH\7794051
701 1 _aКуприенко
_bП. С.
_gПавел Сергеевич
701 1 _7ca
_8rus
_aСмольянинов
_bВ. М.
_gВладимир Митрофанович
_976972
_3RU\NLR\AUTH\7794046
942 _cBOOK
980 _aNBR
980 _aNB